000 00483nam a2200181Ia 4500
003 GCL
008 140319s9999 xx 000 0 eng d
040 _aGCL /
_cGCL
082 0 4 _a155.92
_bS P
100 1 _aSTEPTOO, ANDREW
245 1 0 _aPSYCHOSOCIAL PROCESSES AND HEALTH: A READER /
_cSTEPTOO, ANDREW
700 1 _aWARDLE, JANE
650 0 4 _aالحضارة الفرعونية
650 0 4 _aPSYCHOPHYSIOLOGY
650 0 4 _aHEALTH
650 0 4 _aCLINICAL HEALTH
942 _2ddc
_cBK
999 _c23512
_d23512